• 首页
  • 本馆介绍
  • 公告通知
  • 最新文献
  • 馆藏检索
  • 电子资源
  • 读者导购
  • 参考咨询
  • 我的图书馆
  • 登录
  • 详细信息显示
  • 放入我的书架
  • 预约/预借图书
  • 作者相关作品
  • 分类相关作品
  • 丛书相关作品
  • 出版社相关作品

书目信息

  • 表格格式
  • 工作单格式
  • 卡片格式
题名:
绿色品牌包装创新研究
    
 
作者: 欧阳慧, 著
分册:  
出版信息: 长春   吉林大学出版社  2017.7
页数: 200页
开本: 24cm
丛书名:
单 册:
中图分类: TB484.6
科图分类:
主题词: 绿色包装--lv se bao zhuang--研究
电子资源:
ISBN: 978-7-5692-0745-3
000 00875nam0 2200265 45
001 012001001270
005 20131107174538.0
010    @a978-7-5692-0745-3@dCNY46.00
099    @aCAL 012018028395
100    @a20180323d2018 em y0chiy50 ea
101 0  @achi
102    @aCN@b220000
105    @ay a 000yy
106    @ar
200 1  @a绿色品牌包装创新研究@Alv se pin pai bao zhuang chuang xin yan jiu@f欧阳慧著
210    @a长春@c吉林大学出版社@d2017.7
215    @a200页@d24cm
320    @a有书目 (第198-200页)
330    @a本书以绿色包装与绿色品牌包装的研究和应用为基础,结合我们的具体研究,系统地介绍了绿色包装的理论和基础。
333    @a本书适用于绿色包装研究人员
606 0  @a绿色包装@Alv se bao zhuang@x研究
690    @aTB484.6@v5
701  0 @a欧阳慧,@Aou yang hui@f1983-@4著
801  0 @aCN@b北京卓展@c20191020
905    @b1197901-4@dTB484.6@e509@f4
    
    绿色品牌包装创新研究/欧阳慧著.-长春:吉林大学出版社,2017.7
    200页;24cm
    使用对象:本书适用于绿色包装研究人员
    
    ISBN 978-7-5692-0745-3:CNY46.00
    本书以绿色包装与绿色品牌包装的研究和应用为基础,结合我们的具体研究,系统地介绍了绿色包装的理论和基础。
●
相关链接 在E读中查询图书 在五车中查询图书 在当当中查询图书 在豆瓣中查询图书


正题名:绿色品牌包装创新研究     索取号:TB484.6/509         预约/预借

序号 登录号 条形码 馆藏地/架位号 状态 备注
1 1197901   211979019   第二样本阅览室/ [索取号:TB484.6/509] 在馆    
2 1197902   211979028   第三借阅区/ [索取号:TB484.6/509] 在馆    
3 1197903   211979037   第三借阅区/ [索取号:TB484.6/509] 在馆    
4 1197904   211979046   第三借阅区/ [索取号:TB484.6/509] 在馆    
唐山师范学院图书馆 欢迎您!
大连网信软件有限公司© 版权所有